The role of representational system in relational reasoning / (Record no. 17975)
[ view plain ]
| 000 -LEADER | |
|---|---|
| fixed length control field | 00813nam a22001937a 4500 |
| 008 - FIXED-LENGTH DATA ELEMENTS--GENERAL INFORMATION | |
| fixed length control field | 230228b ||||| |||| 00| 0 eng d |
| 082 ## - DEWEY DECIMAL CLASSIFICATION NUMBER | |
| Classification number | DPer 370.15 J826 January - February 2020 v112 no. 1-2 |
| 100 ## - MAIN ENTRY--PERSONAL NAME | |
| Personal name | Kottmeyer, Alexa M. |
| Relator term | author. |
| 9 (RLIN) | 47949 |
| 245 ## - TITLE STATEMENT | |
| Title | The role of representational system in relational reasoning / |
| Statement of responsibility, etc. | Alexa M. Kottmeyer, Peggy N. Van Meter, and Chelsea E. Cameron |
| 260 ## - PUBLICATION, DISTRIBUTION, ETC. (IMPRINT) | |
| Place of publication, distribution, etc. | Washington, |
| Name of publisher, distributor, etc. | American Psychological Association, |
| Date of publication, distribution, etc. | February 2020. |
| 300 ## - PHYSICAL DESCRIPTION | |
| Extent | volume 112, pages 288-307, illustration. |
| 650 ## - SUBJECT ADDED ENTRY--TOPICAL TERM | |
| Topical term or geographic name as entry element | Reasoning. |
| 9 (RLIN) | 47950 |
| 650 ## - SUBJECT ADDED ENTRY--TOPICAL TERM | |
| Topical term or geographic name as entry element | Theory of knowledge. |
| 9 (RLIN) | 47905 |
| 650 ## - SUBJECT ADDED ENTRY--TOPICAL TERM | |
| Topical term or geographic name as entry element | Education. |
| 9 (RLIN) | 47951 |
| 700 ## - ADDED ENTRY--PERSONAL NAME | |
| Personal name | Kottmeyer, Alexa M. |
| Relator term | author. |
| 9 (RLIN) | 47949 |
| 700 ## - ADDED ENTRY--PERSONAL NAME | |
| Personal name | Van Meter, Peggy N. |
| Relator term | author. |
| 9 (RLIN) | 47952 |
| 700 ## - ADDED ENTRY--PERSONAL NAME | |
| Personal name | Cameron, Chelsea E. |
| Relator term | author. |
| 9 (RLIN) | 47953 |
| 942 ## - ADDED ENTRY ELEMENTS (KOHA) | |
| Source of classification or shelving scheme | Dewey Decimal Classification |
| Koha item type | Periodicals |
| Withdrawn status | Lost status | Source of classification or shelving scheme | Damaged status | Not for loan | Collection code | Home library | Current library | Date acquired | Total Checkouts | Full call number | Date last seen | Price effective from | Koha item type | Public note |
|---|---|---|---|---|---|---|---|---|---|---|---|---|---|---|
| Dewey Decimal Classification | Periodicals | UM Digos College - LIC | UM Digos College - LIC | 02/28/2023 | DPer 370.15 J826 January - February 2020 v112 no. 1-2 | 02/28/2023 | 02/28/2023 | Periodicals | Periodical article |
